Smart choice Teacher's Book 2

Bewaard in:
Bibliografische gegevens
Hoofdauteur: Wilson, Ken.
Andere auteurs: Healy, Thomas
Formaat: Boek
Gepubliceerd in: Oxford Oxford Univ. Press 2007
Onderwerpen:
Tags: Voeg label toe
Geen labels, Wees de eerste die dit record labelt!
Thư viện lưu trữ: Trung tâm Học liệu Lê Vũ Hùng, Trường Đại học Đồng Tháp
LEADER 00845pam a22003018a 4500
001 00027791
005 20171026081022.0
008 111220s2007 ||||||Engsd
020 # # |a 978 0 19 430603 4 
041 0 # |a Eng 
082 1 4 |a 428  |b SM110CH 
100 1 # |a Wilson, Ken. 
245 1 0 |c Ken Wilson, Thomas Healy  |a Smart choice  |b Teacher's Book 2 
260 # # |a Oxford  |c 2007  |b Oxford Univ. Press 
300 # # |a 146p.  |b ill.  |c 30cm. 
650 # 4 |a Tiếng Anh  |x Ngữ pháp 
653 # # |a Anh ngữ thực hành 
700 1 # |a Healy, Thomas 
852 # # |b Kho mượn  |j KM.0006543 
852 # # |b Kho đọc  |j KD.0012830 
852 # # |j KM.0006543  |j KD.0012855 
910 0 # |d 20/12/2011 
980 # # |a Trung tâm Học liệu Lê Vũ Hùng, Trường Đại học Đồng Tháp